Adivina de qué película es el castillo - Estadísticas

Estadísticas generales
  • Esta prueba ha sido intentada 118 veces
  • La puntuación promedio es 5 de 16
Estadísticas de respuestas
Imagen Respuesta % Correcto
La Sirenita
88%
Frozen
66%
Hora de Aventuras
60%
Super Mario Bros
49%
El Castillo Ambulante
35%
La Princesa Sofía
29%
Thor
28%
El pequeño reino de Ben y Holly
24%
Los Descendientes
24%
Shrek
23%
Enredados
19%
Winx Club
14%
Elena de Avalor
13%
Monster High
11%
Barbie y el Castillo de Diamantes
10%
Mia & Me
4%
No se encontraron pruebas coincidentes
Distribución de puntuación
Porcentaje de gente con cada puntuación
Porcentaje por número respondido
Historial de tus puntuaciones
No has intentado esta prueba.